A history of the modern Middle East / (Record no. 17325)
[ view plain ]
| 000 -LEADER | |
|---|---|
| fixed length control field | 01108cam a2200325 i 4500 |
| 001 - CONTROL NUMBER | |
| control field | 17499436 |
| 003 - CONTROL NUMBER IDENTIFIER | |
| control field | EG-ScBUE |
| 005 - DATE AND TIME OF LATEST TRANSACTION | |
| control field | 20240502111428.0 |
| 008 - FIXED-LENGTH DATA ELEMENTS--GENERAL INFORMATION | |
| fixed length control field | 121018t2013 coua f b 001 0 eng d |
| 020 ## - INTERNATIONAL STANDARD BOOK NUMBER | |
| International Standard Book Number | 9780813348339 |
| 040 ## - CATALOGING SOURCE | |
| Original cataloging agency | EG-ScBUE |
| Language of cataloging | eng |
| Description conventions | rda |
| Transcribing agency | EG-ScBUE |
| Modifying agency | EG-ScBUE |
| 043 ## - GEOGRAPHIC AREA CODE | |
| Geographic area code | aw----- |
| 082 04 - DEWEY DECIMAL CLASSIFICATION NUMBER | |
| Classification number | 956 |
| Edition number | 22 |
| Item number | CLE |
| 100 1# - MAIN ENTRY--PERSONAL NAME | |
| Personal name | Cleveland, William L., |
| Relator term | author. |
| 9 (RLIN) | 29167 |
| 245 12 - TITLE STATEMENT | |
| Title | A history of the modern Middle East / |
| Statement of responsibility, etc | William L. Cleveland, late of Simon Fraser University, Martin Bunton, University of Victoria. |
| 250 ## - EDITION STATEMENT | |
| Edition statement | Fifth edition. |
| 264 #1 - PUBLICATION, DISTRIBUTION, ETC. (IMPRINT) | |
| Place of publication, distribution, etc | Boulder, CO : |
| Name of publisher, distributor, etc | Westview Press, |
| Date of publication, distribution, etc | [2013] |
| 264 #4 - PUBLICATION, DISTRIBUTION, ETC. (IMPRINT) | |
| Date of publication, distribution, etc | c2013 |
| 300 ## - PHYSICAL DESCRIPTION | |
| Extent | xix, 580 pages : |
| Other physical details | illustrations ; |
| Dimensions | 23 cm |
| 336 ## - CONTENT TYPE | |
| Source | rdacontent |
| Content type term | text |
| Content type code | txt |
| 337 ## - MEDIA TYPE | |
| Media type term | unmediated |
| Source | rdamedia |
| Media type code | n |
| 338 ## - CARRIER TYPE | |
| Carrier type term | volume |
| Carrier type code | nc |
| Source | rdacarrier |
| 504 ## - BIBLIOGRAPHY, ETC. NOTE | |
| Bibliography, etc | Includes bibliographical references and index.<br/> |
| 650 ## - SUBJECT ADDED ENTRY--TOPICAL TERM | |
| Source of heading or term | BUEsh |
| 651 #7 - SUBJECT ADDED ENTRY--GEOGRAPHIC NAME | |
| Geographic name | Middle East |
| General subdivision | History |
| Chronological subdivision | 1517- |
| 9 (RLIN) | 32723 |
| Source of heading or term | BUEsh |
| 653 ## - INDEX TERM--UNCONTROLLED | |
| Resource For college | BAEPS, Political Science |
| Arrived date list | February2013 |
| -- | September2017 |
| 655 ## - INDEX TERM--GENRE/FORM | |
| Form subdivision | Text book |
| 9 (RLIN) | 33728 |
| 700 1# - ADDED ENTRY--PERSONAL NAME | |
| Personal name | Bunton, Martin P., |
| Relator term | author. |
| 9 (RLIN) | 29169 |
| 942 ## - ADDED ENTRY ELEMENTS (KOHA) | |
| Source of classification or shelving scheme | Dewey Decimal Classification |
| Koha item type | Book - Borrowing |
| Withdrawn status | Lost status | Source of classification or shelving scheme | Damaged status | Not for loan | Collection code | Home library | Current library | Shelving location | Date acquired | Source of acquisition | Cost, normal purchase price | Total Checkouts | Full call number | Barcode | Date last seen | Cost, replacement price | Price effective from | Koha item type | Total Renewals | Date checked out |
|---|---|---|---|---|---|---|---|---|---|---|---|---|---|---|---|---|---|---|---|---|
| Dewey Decimal Classification | Baccah | Central Library | Central Library | Second Floor | 26/02/2013 | Purchase | 365.00 | 956 CLE | 000028373 | 15/07/2025 | 456.25 | 26/02/2013 | NB - Book (Non borrowing) | |||||||
| Dewey Decimal Classification | Baccah | Central Library | Central Library | Second Floor | 26/02/2013 | Purchase | 365.00 | 9 | 956 CLE | 000028374 | 15/07/2025 | 456.25 | Book - Borrowing | 56 | 30/01/2017 | |||||
| Dewey Decimal Classification | Baccah | Central Library | Central Library | Second Floor | 26/02/2013 | Purchase | 365.00 | 7 | 956 CLE | 000028375 | 15/07/2025 | 456.25 | Book - Borrowing | 49 | 16/09/2019 | |||||
| Dewey Decimal Classification | Baccah | Central Library | Central Library | Second Floor | 26/02/2013 | Purchase | 365.00 | 12 | 956 CLE | 000028376 | 15/07/2025 | 456.25 | Book - Borrowing | 39 | 26/03/2017 | |||||
| Dewey Decimal Classification | Baccah | Central Library | Central Library | Second Floor | 28/09/2017 | Purchase | 500.00 | 956 CLE | 000046555 | 15/07/2025 | NB - Book (Non borrowing) | |||||||||
| Dewey Decimal Classification | Baccah | Central Library | Central Library | Second Floor | 28/09/2017 | Purchase | 500.00 | 2 | 956 CLE | 000046554 | 15/07/2025 | Book - Borrowing | 4 | 10/10/2021 |